Priority vzájomných vzťahov nového slovenského veľvyslanca prijal prezident Herzog

Bibliographic Details
Format: Article
Language:Slovak
Subjects:

MARC

LEADER 00000nab a2200000 a 4500
001 vtls000673416
003 SK-MaSNL
005 20260426102506.0
008 160405c1998 xo 0 slo
015 |a SNBRB1998/10-29146 
035 |a CLN000025592 
040 |a SNKBUCL  |b slo  |c SNKBUCL  |e AACR2 
041 0 |a slo 
044 |a xo  |c SK 
080 |a 341.7(437.6:430)  |2 1997 
080 |a 327(437.6:430)  |2 1997 
245 0 0 |a Priority vzájomných vzťahov  |b nového slovenského veľvyslanca prijal prezident Herzog 
650 0 7 |a zahraničné vzťahy  |2 SNKPH  |9 3832 
651 7 |a Slovensko  |2 SNKPHgeo  |9 14231 
651 7 |a Nemecko  |2 SNKPHgeo  |9 21020 
655 7 |a články z novín a časopisov  |2 snkbucl  |9 267496 
773 0 |t Slovenská republika  |g Roč. 6, č. 245 (23.10.1998), s. 5 
850 |a Slovenská národná knižnica v Martine 
852 |a SNK  |b KIS3GCP 
958 |a SK 
958 |a DE 
958 |a RBX 
999 |c 3257521  |d 3259451